Principles of Foreign Exchange/ (Record no. 215162)

MARC details
000 -LEADER
fixed length control field 00804nam a22002177a 4500
005 - DATE AND TIME OF LATEST TRANSACTION
control field 20260301164016.0
010 ## - LCCN (DPL NO)
LC control number BACEN26
020 ## - INTERNATIONAL STANDARD BOOK NUMBER
International Standard Book Number 9789365576320 (Vol-1)
Terms of availability 1895.00
020 ## - INTERNATIONAL STANDARD BOOK NUMBER
International Standard Book Number 9789365570946 (Vol-2)
Terms of availability 1495.00
037 ## - SOURCE OF ACQUISITION
Source of stock number/acquisition Himalaya Publishing House
082 ## - DEWEY DECIMAL CLASSIFICATION NUMBER
Edition number 3
Classification number 332.45
100 ## - MAIN ENTRY--PERSONAL NAME
Personal name Chatterjee, Arun
245 ## - TITLE STATEMENT
Title Principles of Foreign Exchange/
Statement of responsibility, etc Arun Chatterjee
250 ## - EDITION STATEMENT
Edition statement 3
260 ## - PUBLICATION, DISTRIBUTION, ETC. (IMPRINT)
Place of publication, distribution, etc Mumbai
Name of publisher, distributor, etc Himalaya Publishing House Pvt Ltd
Date of publication, distribution, etc 2026
270 ## - ADDRESS
Address Vishal Industrial Estate, Ist Floor, Office No. 63/64, Bhandup Village Road, Subhash Nagar (Opp Ceat Tyres) Nahur(W)
City Mumbai
Postal code 400078
Electronic mail address himpub@bharatmail.co.in
Telephone number 022-35131464
300 ## - PHYSICAL DESCRIPTION
Extent 517p.
Other physical details Index
Dimensions 25cm(hb)
300 ## - PHYSICAL DESCRIPTION
Extent 335p.
Other physical details Index
Dimensions 25cm(hb)
490 ## - SERIES STATEMENT
Volume number/sequential designation 1,2
942 ## - ADDED ENTRY ELEMENTS (KOHA)
Source of classification or shelving scheme Dewey Decimal Classification
Item type English Books
Call number suffix CHA
Classification part 332.45

No items available.


© Delhi Public Library
Hit Counter
free hit counter